Library Banner

Freehand 5 bible (Record no. 13192)

MARC details
000 -LEADER
fixed length control field 00435nam a2200193Ia 4500
001 - CONTROL NUMBER
control field 12412
003 - CONTROL NUMBER IDENTIFIER
control field PK-LaUMT
005 - DATE AND TIME OF LATEST TRANSACTION
control field 20221116144123.0
008 - FIXED-LENGTH DATA ELEMENTS--GENERAL INFORMATION
fixed length control field 140401s9999 xx 000 0 und d
020 ## - INTERNATIONAL STANDARD BOOK NUMBER
International Standard Book Number 1-56884-492-1
040 ## - CATALOGING SOURCE
Transcribing agency PK-LaUMT
082 ## - DEWEY DECIMAL CLASSIFICATION NUMBER
Classification number 220
Item number MCC-F
100 ## - MAIN ENTRY--PERSONAL NAME
Personal name McClelland, Deke
245 ## - TITLE STATEMENT
Title Freehand 5 bible
Statement of responsibility, etc McClelland, Deke
260 ## - PUBLICATION, DISTRIBUTION, ETC. (IMPRINT)
Date of publication, distribution, etc 1995
300 ## - PHYSICAL DESCRIPTION
Extent 739 p.
546 ## - LANGUAGE NOTE
Language note EN
942 ## - ADDED ENTRY ELEMENTS (KOHA)
Koha item type Stocktaking Record 2001
Source of classification or shelving scheme Dewey Decimal Classification
Holdings
Withdrawn status Lost status Damaged status Not for loan Home library Current library Date acquired Total Checkouts Full call number Barcode Date last seen Price effective from Koha item type
        UMT Main Campus UMT Main Campus 2014-04-01   220 MCC-F 13786 2014-04-21 2014-04-21 Books